Statystyki dla Dzielnice i osiedla Jaworzna

Kliknij tutaj aby rozwiązać quiz!

Ogólne statystyki

  • Ten quiz został rozwiązany 149 razy
    (147 od ostatniego zresetowania)
  • Średni wynik to 19 z 32

Statystyki odpowiedzi

.PodpowiedzDzielnice/osiedla% Poprawnych
7Dzielnica ze zwierzęciem w nazwieJeleń
89%
11Dzielnica w której jest jedyny dworzec kolejowy w JaworznieSzczakowa
89%
6Dzielnica Jaworzna w której mieszka najwiecej ludziOsiedle stałe
85%
2Rymuje się z KarpieWarpie
85%
13...... jest zupa z bobraDobra
82%
9Dzielnica z której mozna dojechać do Krakowa jednym autobusem i ma w rynku bykaByczyna
81%
29Osiedle w którym jest Lo3Podłęże
78%
12Najwieksza pod względem powierzchni dzielnicaCięzkowice
76%
27Osiedle w którym jest Lo1Podwale
73%
4Dzielnica która należy do parafii LibiążDąb
71%
10Dzielnica w której jest galeria GalenaŚródmiescie
66%
5Osiedle na którym znajduje się ManhattanPechnik
61%
14Dzielnica w której jest GródekPieczyska
60%
1Jest tam kopalnia węgla kamiennnegoSobieski
60%
18W tej dzielnicy znajduje sie najwyzszy szczyt Jaworzna GrodziskoBory
59%
24Bardzo duże osiedleOsiedle Gigant
59%
16Jest dolna i górnaCezarówka
58%
21Dzielnica w której funkcjonuje Klub KasztanJeziorki
58%
30Były tam dawne zakłady chemiczneAzot
56%
32Osiedle które graniczy z SosnowcemŁubowiec
56%
15Dzielnica której nazwa jest podobna do nazwy pewnego dużego pobliskiego miastaDąbrowa Narodowa
54%
20Dzielnica w której jest Osiedle CegielnianaNiedzieliska
53%
23Osiedle połozone w dzielnicy ŚródmieścieOsiedle Leopold
49%
3Dzielnica w której nic niemaŁęg
46%
17Dzielnica o podobnej nazwie jest w KrakowieStara huta
40%
26Dzielnica która kiedyś była wsią później należała do miasta Szczakowa a teraz do JaworznaDługoszyn
38%
19Dzielnica do której dojeżdża tylko autobus lini 319Kózmin
37%
25Osiedle które ma stadion MCKIS Jaworzno przy ulicy MoniuszkiOsiedle Pszczelnik
37%
28Dzielnica która graniczy z TrzebiniąWilkoszyn
37%
31Ma w nazwie góraGóra piachu
33%
22Dzielnica w której jest rynek JaworznaStare miasto
18%
8Jest dzielnicą JeleniaOkrągle
13%

Rozkład punktacji

Percentyl według liczby udzielonych odpowiedzi

Procent ludzi z każdym wynikiem

Twoja historia wyników

Nie rozwiązałeś tego quizu od ostatniego zresetowania